Urban excess and the law: capital, culture and desire. / (Record no. 4860)
[ view plain ]
| 000 -LEADER | |
|---|---|
| fixed length control field | 01243mam a2200265 a 4500 |
| 001 - CONTROL NUMBER | |
| control field | 1791420 |
| 005 - DATE AND TIME OF LATEST TRANSACTION | |
| control field | 20210414114408.0 |
| 008 - FIXED-LENGTH DATA ELEMENTS--GENERAL INFORMATION | |
| fixed length control field | 960523s1996 enk b 001 0 eng d |
| 020 ## - INTERNATIONAL STANDARD BOOK NUMBER | |
| International Standard Book Number | 1859412092 (pbk.) |
| 035 ## - SYSTEM CONTROL NUMBER | |
| System control number | (OCoLC)ocm34776833 |
| 040 ## - CATALOGING SOURCE | |
| Original cataloging agency | EUN |
| Transcribing agency | EUN |
| Modifying agency | ZBL |
| -- | UIU |
| -- | EL$ |
| 050 ## - LIBRARY OF CONGRESS CALL NUMBER | |
| Classification number | K487.C8.S83 |
| 092 0# - LOCALLY ASSIGNED DEWEY CALL NUMBER (OCLC) | |
| Classification number | 307.76 |
| Item number | St25u |
| Edition number | 21 |
| 100 1# - MAIN ENTRY--PERSONAL NAME | |
| Personal name | Stanley, Christopher. |
| 245 10 - TITLE STATEMENT | |
| Title | Urban excess and the law: capital, culture and desire. / |
| Statement of responsibility, etc. | Christopher Stanley. |
| 260 ## - PUBLICATION, DISTRIBUTION, ETC. | |
| Place of publication, distribution, etc. | London : |
| Name of publisher, distributor, etc. | Cavendish Publishing, |
| Date of publication, distribution, etc. | 1996. |
| 300 ## - PHYSICAL DESCRIPTION | |
| Extent | xvi, 226 p. ; |
| Dimensions | 24 cm. |
| 504 ## - BIBLIOGRAPHY, ETC. NOTE | |
| Bibliography, etc. note | Includes bibliographical references (p. 199-214) and index. |
| 505 ## - FORMATTED CONTENTS NOTE | |
| Formatted contents note | Contents: Urban excess and the Law capital, Culture and desire: Introduction: disorientation contra Harvey and Via Goodrich -- Regulation and Urban culture: Defining elements -- Regulation and Urban order: Determining forces -- Speculations on the disorder of capital -- Deregulation and urban excess: the Laws of desire -- There stories in urban excess: American psycho -- Three stories in Urban excess: Youth cultures -- Conclusion: reorientation. |
| 650 #0 - SUBJECT ADDED ENTRY--TOPICAL TERM | |
| Topical term or geographic name entry element | Culture and law. |
| 650 #0 - SUBJECT ADDED ENTRY--TOPICAL TERM | |
| Topical term or geographic name entry element | Sociology, Urban. |
| 650 #4 - SUBJECT ADDED ENTRY--TOPICAL TERM | |
| Topical term or geographic name entry element | SociologĂa urbana |
| 942 ## - ADDED ENTRY ELEMENTS (KOHA) | |
| Source of classification or shelving scheme | Library of Congress Classification |
| Koha item type | Books |
| Withdrawn status | Lost status | Source of classification or shelving scheme | Damaged status | Not for loan | Home library | Current library | Shelving location | Date acquired | Total Checkouts | Full call number | Barcode | Date last seen | Copy number | Price effective from | Koha item type |
|---|---|---|---|---|---|---|---|---|---|---|---|---|---|---|---|
| Library of Congress Classification | WISCONSIN INTERNATIONAL UNIVERSITY COLLEGE, GHANA - MAIN LIBRARY | WISCONSIN INTERNATIONAL UNIVERSITY COLLEGE, GHANA - MAIN LIBRARY | Law Library | 16/09/2014 | K487.C8.S83 | 856/13 | 16/09/2014 | 1 | 16/09/2014 | Books | |||||
| Library of Congress Classification | WISCONSIN INTERNATIONAL UNIVERSITY COLLEGE, GHANA - MAIN LIBRARY | WISCONSIN INTERNATIONAL UNIVERSITY COLLEGE, GHANA - MAIN LIBRARY | 16/09/2014 | K487.C8 S831 | 857/13 | 16/09/2014 | 2 | 16/09/2014 | Books |
